| 000 | 00546cam a2200217ua 4500 | ||
|---|---|---|---|
| 020 | _c15.00 | ||
| 041 |
_aeng _h |
||
| 082 |
_a630.57 _bBHA/RO |
||
| 100 | _aBhat, T.N . | ||
| 245 |
_aRole of Earthworms in Agriculture / _cT.N.Bhat. _hTextual Documents |
||
| 250 |
_a / _b. |
||
| 260 |
_aNew Delhi : _bIndian Council for Agricultural Research , _c1959. |
||
| 300 | _a35 ; . | ||
| 365 | _a15.00 | ||
| 504 | _a | ||
| 700 | 1 | _aKhambata, S.R . | |
| 942 | _cBK | ||
| 999 |
_c1389 _d1389 |
||